Five Biggest Cities by Continent by Letter - K - Statistics

General Stats
  • This quiz has been taken 613 times
    596 since last reset
  • The average score is 14 of 28
Answer Stats
Population Country City % Correct
2,926,000 Ukraine Kiev
98%
662,000 Jamaica Kingston
98%
3,962,000 Afghanistan Kabul
97%
11,855,000 D.R. Congo Kinshasa
96%
9,339,000 Pakistan Karachi
93%
14,058,000 India Kolkata
90%
1,411,000 Sudan Khartoum
88%
1,507,000 Uganda Kampala
85%
761,000 Poland Krakow
85%
2,829,000 Nigeria Kano
76%
1,439,000 Ukraine Kharkiv
69%
152,000 USA Kansas City, KS
68%
481,000 USA Kansas City, MO
68%
1,082,000 Russia Kazan
48%
2,069,000 Ghana Kumasi
48%
3,279,000 China Kunming
47%
2,920,000 India Kanpur
41%
881,000 Russia Krasnodar
38%
233,000 Canada Kitchener
27%
186,000 USA Knoxville
25%
39,000 Hawaii (USA) Kailua
15%
26,000 Hawaii (USA) Kahului
11%
32,000 Australia Kalgoorlie
10%
35,000 Hawaii (USA) Kaneohe
7%
26,000 French Guiana Kourou
6%
23,000 Australia Kimbe
2%
28,000 Suriname Koewarasan
1%
14,000 Suriname Kwatta
1%
No matching quizzes found
Score Distribution
Percent of People with Each Score
Percentile by Number Answered
Your Score History
You have not taken this quiz since the last reset